| 000 | 00443nam a22001817a 4500 | ||
|---|---|---|---|
| 003 | MPLRDC | ||
| 005 | 20220104143505.0 | ||
| 008 | 210129b ||||| |||| 00| 0 eng d | ||
| 020 | _a978-988-8104-21-5 | ||
| 082 | _a563.5 DZY | ||
| 100 | _a董志勇 | ||
| 245 |
_a非理性投资陷阱 _c |
||
| 250 | _a初版 | ||
| 260 |
_a香港 _b中华书局(香港)有限公司 _c2011 |
||
| 300 | _b236 | ||
| 650 | _a投资 | ||
| 942 |
_cBK _o563.5 DZY |
||
| 999 |
_c40416 _d40406 |
||